[Event "Strmilov 2004"]
[Site "?"]
[Date "2004.05.08"]
[Round "7"]
[White "Rodling, Robert"]
[Black "Bartos, Alois"]
[Result "1/2-1/2"]
[WhiteElo "1830"]
[BlackElo "2015"]
[PlyCount "155"]

1. d4 Nf6 2. c4 c5 3. d5 e6 4. Nc3 exd5 5. cxd5 g6 6. Nf3 d6 7. e4 Bg7 8. Bd3
O-O 9. O-O Na6 10. h3 Nc7 11. Bg5 Rb8 12. a4 a6 13. Qd2 Re8 14. Rfe1 b5 15.
axb5 axb5 16. e5 dxe5 17. Nxe5 Bb7 18. Bxb5 Nxb5 19. Nxb5 Qxd5 20. Qxd5 Nxd5
21. Nd7 Rxe1+ 22. Rxe1 Ra8 23. Nd6 Bc6 24. Nxc5 Bxb2 25. Nce4 Kg7 26. Nc4 Ra1
27. Rxa1 Bxa1 28. Bd2 Bd4 29. Ng5 h6 30. Nf3 Ba1 31. Nd6 Bb2 32. Nc4 Ba1 33.
Nce5 Be8 34. Ng4 h5 35. Nge5 Bxe5 36. Nxe5 Bb5 37. Bc1 f6 38. Nf3 Nc3 39. Nd4
Bd7 40. Bb2 Nd5 41. Kh2 Kf7 42. g3 f5 43. Nf3 Be8 44. Kg1 Nc7 45. Ng5+ Kg8 46.
Kf1 Bb5+ 47. Ke1 Nd5 48. Kd2 Kf8 49. Be5 Ke7 50. Nf3 Bf1 51. h4 Ke6 52. Bb8 Kf6
53. Ba7 f4 54. Bb8 fxg3 55. Bxg3 Bb5 56. Bd6 Ba6 57. Bf8 Kf5 58. Bh6 Ke4 59.
Ne1 Kf5 60. Nf3 Kg4 61. Ne5+ Kxh4 62. Nxg6+ Kg4 63. Ne5+ Kf5 64. Nf3 Kg4 65.
Ne5+ Kf5 66. Nf3 Bb7 67. Bf8 Nf6 68. Nd4+ Ke4 69. Bg7 Ne8 70. f3+ Kd5 71. Bh8
h4 72. Ke1 Kc4 73. Kf2 Kd3 74. Kg2 Bc8 75. f4 Nd6 76. f5 Nf7 77. Bf6 Nh6 78.
Kh3 1/2-1/2

[Event "Strmilov 2004"]
[Site "?"]
[Date "2004.05.08"]
[Round "7"]
[White "Ruzicka, Ales"]
[Black "Hruby, Milan"]
[Result "1/2-1/2"]
[WhiteElo "1464"]
[BlackElo "2108"]
[PlyCount "45"]

1. e4 e5 2. Nf3 Nc6 3. Bb5 a6 4. Ba4 Nf6 5. O-O Be7 6. Re1 b5 7. Bb3 d6 8. h3
O-O 9. c3 Nd7 10. d4 Bf6 11. Be3 Bb7 12. Nbd2 Re8 13. a4 exd4 14. cxd4 Na5 15.
Bc2 c5 16. b4 cxb4 17. axb5 axb5 18. Rb1 b3 19. Bd3 Nc4 20. Nxc4 bxc4 21. Bxc4
Bxe4 22. Rxb3 Qc7 23. Bd3 1/2-1/2

[Event "Strmilov 2004"]
[Site "?"]
[Date "2004.05.08"]
[Round "7"]
[White "Slajs, Vlastimil"]
[Black "Janecek, Josef"]
[Result "0-1"]
[WhiteElo "1925"]
[BlackElo "2099"]
[PlyCount "76"]

1. d4 Nf6 2. c4 Nc6 3. Nc3 e5 4. d5 Ne7 5. e4 Ng6 6. g3 Bb4 7. Bg2 Bxc3+ 8.
bxc3 d6 9. Ne2 O-O 10. O-O b6 11. Be3 Ng4 12. Bd2 f5 13. f4 fxe4 14. Bxe4 Nf6
15. Bg2 Qd7 16. h3 Ba6 17. Qb3 Rae8 18. Rae1 Kh8 19. Kh2 b5 20. Qa3 Qc8 21.
cxb5 Bxb5 22. Rf2 exf4 23. Nxf4 Nxf4 24. Rxe8 Rxe8 25. Bxf4 a6 26. Qb4 Qf5 27.
c4 Bd7 28. Be3 Qh5 29. Rxf6 gxf6 30. Bd4 Bxh3 31. Bxf6+ Kg8 32. Bxh3 Re2+ 33.
Kg1 Qxh3 34. Qb8+ Kf7 35. Qxc7+ Kxf6 36. Qxd6+ Kg5 37. Qf4+ Kg6 38. Qd6+ Kh5
0-1

[Event "Strmilov 2004"]
[Site "?"]
[Date "2004.05.09"]
[Round "7"]
[White "Steinhauser, Dominik"]
[Black "Sulista, Daniel"]
[Result "1-0"]
[WhiteElo "1753"]
[BlackElo "2494"]
[PlyCount "159"]

1. e4 e5 2. d4 exd4 3. c3 d5 4. exd5 Nf6 5. Nf3 Nxd5 6. Nxd4 Bc5 7. Bc4 c6 8.
O-O O-O 9. Re1 Bb6 10. Na3 Bc7 11. Qh5 a6 12. Bd2 Qd6 13. Bd3 Nf6 14. Qh4 h6
15. Nc4 Qd5 16. Bxh6 Qh5 17. Qxh5 Nxh5 18. Be3 Rd8 19. Rad1 b5 20. Na3 Nf6 21.
Nac2 c5 22. Nf3 c4 23. Be2 Nc6 24. Rxd8+ Nxd8 25. Ncd4 Bb7 26. Nd2 Ne6 27. Bf3
Bxf3 28. N2xf3 Re8 29. Kf1 Nd5 30. h3 Kf8 31. Nxe6+ Rxe6 32. Bc5+ Ke8 33. Rxe6+
fxe6 34. g3 Kd7 35. Bd4 Nf6 36. Ke2 Kc6 37. Ke3 Kd5 38. b3 e5 39. bxc4+ bxc4
40. Ba7 Ne8 41. Kd2 Nd6 42. Kc2 Nb5 43. Be3 Ba5 44. a4 Nd6 45. Ng5 Bd8 46. h4
Nb7 47. f4 exf4 48. gxf4 Be7 49. Kd2 Nc5 50. Bxc5 Bxc5 51. h5 Be7 52. Kc2 Bf6
53. Kd2 Be7 54. Ke3 Bd6 55. Ne4 Be7 56. Kf3 Bd8 57. f5 Ke5 58. f6 gxf6 59. h6
f5 60. Nc5 Bf6 61. Nd7+ Ke6 62. Nxf6 Kxf6 63. Kf4 Kg6 64. h7 Kxh7 65. Kxf5 Kg7
66. Ke5 Kf7 67. Kd5 Ke7 68. Kxc4 Kd6 69. Kd4 Kc6 70. c4 a5 71. c5 Kc7 72. Kd5
Kd7 73. c6+ Kc7 74. Kc5 Kc8 75. Kb6 Kb8 76. Kxa5 Kc7 77. Kb5 Kc8 78. Kb6 Kb8
79. c7+ Kc8 80. a5 1-0

[Event "Strmilov 2004"]
[Site "?"]
[Date "2004.05.08"]
[Round "7"]
[White "Steinhauser, Frantisek"]
[Black "Volf, Miloslav"]
[Result "0-1"]
[WhiteElo "1775"]
[BlackElo "1475"]
[PlyCount "55"]

1. e4 c5 2. Nf3 d6 3. d4 cxd4 4. Nxd4 Nf6 5. Nc3 a6 6. Bc4 g6 7. f3 Bg7 8. Be3
O-O 9. Qd2 Re8 10. O-O-O Nc6 11. h4 Na5 12. Bb3 Nxb3+ 13. cxb3 e5 14. Nde2 Be6
15. g4 d5 16. exd5 Bd7 17. Kb1 e4 18. Nxe4 Nxe4 19. fxe4 Rxe4 20. h5 Bxg4 21.
hxg6 fxg6 22. Rdg1 Bxe2 23. Qxe2 Qxd5 24. Rd1 Qe5 25. Rd3 Re8 26. Rh3 g5 27.
Qf2 Rf8 28. Qg1 0-1

[Event "Strmilov 2004"]
[Site "?"]
[Date "2004.05.08"]
[Round "7"]
[White "Straka, Zdenek"]
[Black "Novak, Rudolf"]
[Result "1-0"]
[WhiteElo "1913"]
[BlackElo "1557"]
[PlyCount "91"]

1. d4 Nf6 2. Bg5 g6 3. Nc3 Bg7 4. e4 d6 5. Bd3 c6 6. Qd2 O-O 7. Bh6 b5 8. h4
Qb6 9. Nge2 a6 10. Bxg7 Kxg7 11. h5 e5 12. hxg6 fxg6 13. Qh6+ Kg8 14. d5 Qc7
15. f3 c5 16. Ng3 c4 17. Be2 Qg7 18. Qe3 Qa7 19. Qg5 Qg7 20. Rh6 Ra7 21. Nd1
Rc7 22. Nf2 b4 23. O-O-O a5 24. Rdh1 Qh8 25. Kb1 c3 26. b3 Na6 27. Bc4 Nc5 28.
f4 exf4 29. Qxf4 Ne8 30. Rxg6+ Rg7 31. Rxg7+ Qxg7 32. Qe3 Qf6 33. Nd3 Nxd3 34.
Bxd3 Rf7 35. Rf1 Qg7 36. Rxf7 Qxf7 37. Be2 Qg7 38. Kc1 h6 39. Kd1 Qg5 40. Qxg5+
hxg5 41. Ke1 Kg7 42. Kf2 Kf6 43. Ke3 Ke5 44. Nh1 Nf6 45. Nf2 Bd7 46. Nd3# 1-0

[Event "Strmilov 2004"]
[Site "?"]
[Date "2004.05.08"]
[Round "7"]
[White "Vybiral, Zdenek"]
[Black "Cvek, Robert"]
[Result "1/2-1/2"]
[WhiteElo "2222"]
[BlackElo "2467"]
[PlyCount "55"]

1. e4 c5 2. Nf3 Nc6 3. d4 cxd4 4. Nxd4 Nf6 5. Nc3 d6 6. Bg5 e6 7. Qd2 a6 8.
O-O-O h6 9. Be3 Be7 10. f4 Bd7 11. Nf3 e5 12. f5 Rc8 13. Kb1 b5 14. Bd3 Na5 15.
Qe2 Nc4 16. Bxc4 Rxc4 17. Nd2 Rxc3 18. bxc3 Bc6 19. Bf2 Qa5 20. Qf3 Qa4 21.
Rhe1 O-O 22. Bh4 Rc8 23. Bxf6 Bxf6 24. Nb3 Qa3 25. Qd3 Be7 26. f6 Bxf6 27. Qxd6
Qa4 28. Qb4 1/2-1/2

[Event "Strmilov 2004"]
[Site "?"]
[Date "2004.05.08"]
[Round "8"]
[White "Blazek, Jiri"]
[Black "Bartos, Alois"]
[Result "1/2-1/2"]
[WhiteElo "2173"]
[BlackElo "2015"]
[PlyCount "51"]

1. d4 Nf6 2. c4 g6 3. Nc3 Bg7 4. e4 d6 5. Be2 O-O 6. Bg5 Na6 7. Nf3 c5 8. d5 e6
9. Nd2 Nc7 10. a4 e5 11. g4 a6 12. h4 Bd7 13. f3 Rb8 14. Qc1 b5 15. axb5 axb5
16. cxb5 Bxb5 17. Bxb5 Nxb5 18. Nxb5 Rxb5 19. Nc4 Qd7 20. h5 Rb3 21. h6 Bh8 22.
Ra3 Rxa3 23. bxa3 Ne8 24. Qc2 Bf6 25. Bd2 Bd8 26. Ne3 1/2-1/2

[Event "Strmilov 2004"]
[Site "?"]
[Date "2004.05.08"]
[Round "8"]
[White "Cernousek, Lukas"]
[Black "Vybiral, Zdenek"]
[Result "1/2-1/2"]
[WhiteElo "2373"]
[BlackElo "2223"]
[PlyCount "71"]

1. e4 c5 2. Nf3 Nc6 3. d4 cxd4 4. Nxd4 e6 5. Nc3 d6 6. Be3 Nf6 7. Bc4 Be7 8.
Qe2 O-O 9. Rg1 Nxd4 10. Bxd4 a6 11. g4 b5 12. Bb3 b4 13. Na4 Bb7 14. f3 Nd7 15.
c3 Bh4+ 16. Bf2 Bg5 17. cxb4 d5 18. Nc5 Bc6 19. Nxa6 Ne5 20. Nc5 Qb8 21. a4
Qxb4+ 22. Kf1 d4 23. Nd3 Nxd3 24. Qxd3 Bb5 25. Qxb5 Qxb5+ 26. axb5 Rxa1+ 27.
Ke2 Rxg1 28. Bxg1 e5 29. Bd5 Rb8 30. Bc6 Kf8 31. Bf2 Ke7 32. Be1 Kd6 33. Bb4+
Kc7 34. Ba5+ Kd6 35. Bb4+ Kc7 36. Ba5+ 1/2-1/2

[Event "Strmilov 2004"]
[Site "?"]
[Date "2004.05.08"]
[Round "8"]
[White "Divis, Jan"]
[Black "Ducho, Pavel"]
[Result "1-0"]
[WhiteElo "1709"]
[BlackElo "1471"]
[PlyCount "121"]

1. d4 d5 2. Nf3 Nf6 3. e3 Bg4 4. Be2 Nbd7 5. Nbd2 e6 6. O-O Be7 7. h3 Bxf3 8.
Nxf3 O-O 9. b3 Re8 10. Bb2 Bf8 11. Rc1 Rc8 12. c4 c6 13. c5 b6 14. b4 b5 15. a4
a6 16. axb5 axb5 17. Ra1 Ra8 18. Qc2 Qc7 19. Bd3 g6 20. Ne5 Bg7 21. f4 Bh6 22.
Bc3 Nh5 23. Qf2 f5 24. g4 Nxe5 25. dxe5 Nxf4 26. exf4 fxg4 27. hxg4 Bf8 28. Ra2
Ra7 29. Rfa1 Rea8 30. Rxa7 Rxa7 31. Rxa7 Qxa7 32. Qb2 Qf7 33. Bd2 Bh6 34. g5
Bf8 35. Qa1 Qd7 36. Bc3 Kf7 37. Bd4 Ke7 38. Kf2 Bg7 39. Ke3 Kf7 40. Qh1 Kg8 41.
Qa1 Kf7 42. Qa8 Bf8 43. Qb8 Kg7 44. Bc3 Kf7 45. Kd4 Kg7 46. Bd2 Kf7 47. Qa8 Kg7
48. Bxb5 cxb5 49. c6 Qf7 50. Qb7 Be7 51. Qxb5 Bxg5 52. fxg5 Qf2+ 53. Kc3 d4+
54. Kc2 Qf5+ 55. Kb2 Qf2 56. Qd3 h6 57. gxh6+ Kh7 58. c7 Qf8 59. Qc2 Qc8 60. b5
d3 61. Qc6 1-0

[Event "Strmilov 2004"]
[Site "?"]
[Date "2004.05.08"]
[Round "8"]
[White "Dolezal, Jiri"]
[Black "Karlicek, Pavel"]
[Result "1-0"]
[WhiteElo "2222"]
[BlackElo "1953"]
[PlyCount "53"]

1. d4 Nf6 2. Nf3 e6 3. c4 Bb4+ 4. Nbd2 c5 5. a3 Bxd2+ 6. Qxd2 d5 7. dxc5 Ne4 8.
Qc2 a5 9. e3 Nc6 10. cxd5 exd5 11. Bd3 f5 12. O-O O-O 13. Bd2 Qe7 14. Rac1 Bd7
15. b4 axb4 16. axb4 Nxd2 17. Qxd2 Ra4 18. Rb1 Rfa8 19. Bb5 Ra2 20. Qxd5+ Be6
21. Qd6 Rd8 22. Qxe7 Nxe7 23. Nd4 Bd5 24. g3 g6 25. Rfd1 Rda8 26. Bf1 Be4 27.
Bc4+ 1-0

[Event "Strmilov 2004"]
[Site "?"]
[Date "2004.05.08"]
[Round "8"]
[White "Havlik, Jan"]
[Black "Rodling, Robert"]
[Result "1-0"]
[WhiteElo "2121"]
[BlackElo "1830"]
[PlyCount "68"]

1. e4 c5 2. Nf3 d6 3. d4 cxd4 4. Nxd4 Nf6 5. Nc3 a6 6. Bc4 b5 7. Bb3 e6 8. O-O
Be7 9. Bg5 O-O 10. Kh1 Bb7 11. Qe1 Qb6 12. Rd1 Nc6 13. Nxc6 Qxc6 14. f3 h6 15.
Bh4 g5 16. Bg3 Nh5 17. Ne2 a5 18. c3 a4 19. Bc2 e5 20. a3 Bc8 21. Nc1 Be6 22.
Nd3 Bc4 23. Nb4 Nxg3+ 24. Qxg3 Qc5 25. Nd5 Bd8 26. Rfe1 f5 27. Qh3 Ra7 28. Ne3
f4 29. Nf5 Rh7 30. Nxd6 Ba2 31. Bd3 Qf2 32. Bxb5 Qxb2 33. Re2 Qxa3 34. Rxa2
Qxc3 1-0

[Event "Strmilov 2004"]
[Site "?"]
[Date "2004.05.08"]
[Round "8"]
[White "Hruby, Milan"]
[Black "Hejl, Jaroslav"]
[Result "1/2-1/2"]
[WhiteElo "2108"]
[BlackElo "1872"]
[PlyCount "41"]

1. e4 c5 2. Nf3 e6 3. b3 Nc6 4. Bb2 Nf6 5. e5 Nd5 6. c4 Nf4 7. g3 Ng6 8. Bg2
Qc7 9. Qe2 Be7 10. O-O O-O 11. Re1 a6 12. Nc3 Rd8 13. Ne4 Ncxe5 14. Nxe5 Nxe5
15. Nxc5 Nxc4 16. Nxa6 Rxa6 17. bxc4 Ra4 18. d3 Qa5 19. Qe5 Qxe5 20. Bxe5 d6
21. Bf4 1/2-1/2

[Event "Strmilov 2004"]
[Site "?"]
[Date "2004.05.08"]
[Round "8"]
[White "Janecek, Josef"]
[Black "Pahorecky st., Jiri"]
[Result "1-0"]
[WhiteElo "2099"]
[BlackElo "1752"]
[PlyCount "85"]

1. e4 c5 2. Nf3 d6 3. d4 cxd4 4. Nxd4 Nf6 5. Nc3 g6 6. Be3 Bg7 7. f3 Nc6 8. Qd2
Bd7 9. Bc4 O-O 10. O-O-O Nxd4 11. Bxd4 Qa5 12. Kb1 Rfc8 13. Bb3 b5 14. Bxf6
Bxf6 15. Nd5 Qxd2 16. Nxf6+ Kg7 17. Nh5+ gxh5 18. Rxd2 Rc5 19. Rhd1 a5 20. Rd5
Ra7 21. c3 Rac7 22. h4 h6 23. e5 Bf5+ 24. Kc1 dxe5 25. Rxc5 Rxc5 26. Rd5 Rxd5
27. Bxd5 Bd7 28. a4 e6 29. Bb7 Kf6 30. b4 Ke7 31. bxa5 Kd8 32. axb5 Bxb5 33.
Be4 f5 34. Bc2 Bf1 35. Bb3 Kd7 36. g3 Be2 37. f4 e4 38. Kd2 Ba6 39. Ke3 Kd6 40.
Bd1 Kc5 41. Bxh5 Kb5 42. g4 fxg4 43. Bxg4 1-0

[Event "Strmilov 2004"]
[Site "?"]
[Date "2004.05.08"]
[Round "8"]
[White "Lauko, Marian"]
[Black "Slajs, Vlastimil"]
[Result "1-0"]
[WhiteElo "1886"]
[BlackElo "1925"]
[PlyCount "99"]

1. d4 c5 2. d5 e5 3. c4 d6 4. e4 Be7 5. Nf3 Bg4 6. Be2 Bxf3 7. Bxf3 Bg5 8. Nc3
Bxc1 9. Qxc1 Ne7 10. Qg5 O-O 11. O-O Nd7 12. a4 h6 13. Qd2 Ng6 14. Qc2 Nf6 15.
g3 Qd7 16. Bg2 Rfe8 17. b3 Nh7 18. f3 Re7 19. h4 Rf8 20. Kh2 Qd8 21. Bh3 Rfe8
22. Nb5 a6 23. Nc3 Nf6 24. Ra2 Nd7 25. Rb1 a5 26. Nb5 Nb8 27. Qd2 Na6 28. Na3
Nb4 29. Rab2 b6 30. Nb5 Rb7 31. Qe3 Na6 32. Rf1 Rbe7 33. Rbf2 Rb7 34. Kg2 Nc7
35. Nc3 Rb8 36. Qd2 Qe7 37. Bf5 Rf8 38. h5 Nh8 39. f4 f6 40. Qe2 exf4 41. gxf4
Nf7 42. Qg4 Nh8 43. Kh2 Kf7 44. Rg2 g5 45. hxg6+ Kg7 46. Rf3 Rg8 47. Qh5 Kf8
48. g7+ Rxg7 49. Qxh6 Kg8 50. Qh7+ 1-0

[Event "Strmilov 2004"]
[Site "?"]
[Date "2004.05.08"]
[Round "8"]
[White "Lechtynsky, Jiri"]
[Black "Gross, David"]
[Result "0-1"]
[WhiteElo "2431"]
[BlackElo "2413"]
[PlyCount "108"]

1. Nf3 Nf6 2. c4 g6 3. d4 Bg7 4. g3 O-O 5. Bg2 c6 6. Nc3 d6 7. O-O Qa5 8. e4
Bg4 9. h3 Bxf3 10. Bxf3 Nfd7 11. Be3 Qb4 12. Be2 Qxb2 13. Na4 Qa3 14. Rb1 Nb6
15. Nxb6 axb6 16. Rxb6 c5 17. d5 Qa7 18. Rb3 Nd7 19. a3 b6 20. Kg2 Qa4 21. Qb1
Rfc8 22. Rc1 Rc7 23. Bd1 Qa6 24. f4 Bd4 25. Bd2 Rca7 26. Qd3 Qb7 27. Rcb1 Ra4
28. Bc1 Qa6 29. Rb5 Ra5 30. a4 Rxb5 31. Rxb5 Re8 32. Bd2 Nf6 33. a5 bxa5 34.
Ba4 Ra8 35. Qb1 Qc8 36. Rb6 Kg7 37. Qe1 Rb8 38. Rb5 Rxb5 39. Bxb5 a4 40. e5
dxe5 41. fxe5 Nd7 42. Bc3 Qc7 43. Bxa4 Bxc3 44. Qxc3 Qxe5 45. Qxe5+ Nxe5 46.
Bb5 g5 47. Kf2 h5 48. Ke3 f5 49. Ba6 Kf6 50. Bb5 Nf7 51. Be8 Nd6 52. Bxh5 Nxc4+
53. Kd3 Nb6 54. Bf3 Ke5 0-1

[Event "Strmilov 2004"]
[Site "?"]
[Date "2004.05.08"]
[Round "8"]
[White "Muzikar, Jan"]
[Black "Ruzicka, Ales"]
[Result "1-0"]
[WhiteElo "1970"]
[BlackElo "1464"]
[PlyCount "47"]

1. e4 c5 2. Nf3 e6 3. Nc3 Nc6 4. Bb5 Qc7 5. O-O d6 6. Bxc6+ bxc6 7. d4 cxd4 8.
Qxd4 d5 9. Re1 c5 10. Nxd5 exd5 11. exd5+ Kd8 12. Qe4 Qd7 13. Ne5 Qf5 14. Qxf5
Bxf5 15. Nxf7+ Kd7 16. Nxh8 Re8 17. Bg5 h6 18. Rxe8 Kxe8 19. Re1+ Kd7 20. Bd2
Bxc2 21. Nf7 Nf6 22. d6 Bxd6 23. Nxd6 Kxd6 24. Bc3 1-0

[Event "Strmilov 2004"]
[Site "?"]
[Date "2004.05.08"]
[Round "8"]
[White "Novak, Rudolf"]
[Black "Steinhauser, Dominik"]
[Result "1/2-1/2"]
[WhiteElo "1557"]
[BlackElo "1753"]
[PlyCount "78"]

1. e4 c5 2. Nf3 d6 3. d4 cxd4 4. Nxd4 Nf6 5. Nc3 g6 6. Bg5 Bg7 7. Qd2 Nc6 8.
Nxc6 bxc6 9. O-O-O Qc7 10. Bc4 O-O 11. Bh6 Rb8 12. Bxg7 Kxg7 13. Bb3 c5 14. Bc4
Qb7 15. b3 a5 16. f3 Bd7 17. h4 a4 18. h5 axb3 19. cxb3 Nxh5 20. Rxh5 gxh5 21.
Qg5+ Kh8 22. Qxe7 Rg8 23. Rxd6 Be6 24. Qf6+ Rg7 25. Rd8+ Rxd8 26. Qxd8+ Rg8 27.
Qf6+ Rg7 28. Bxe6 fxe6 29. Qxe6 Rxg2 30. Qe8+ Rg8 31. Qxh5 Qb4 32. Qe5+ Rg7 33.
f4 c4 34. Kc2 cxb3+ 35. axb3 h6 36. Qf6 Kh7 37. Qf5+ Kg8 38. Qc8+ Kh7 39. Qf5+
Kg8 1/2-1/2

[Event "Strmilov 2004"]
[Site "?"]
[Date "2004.05.08"]
[Round "8"]
[White "Odehnalova, Andrea"]
[Black "Steinhauser, Frantisek"]
[Result "0-1"]
[WhiteElo "1553"]
[BlackElo "1775"]
[PlyCount "118"]

1. e4 c5 2. f4 e6 3. Nf3 Ne7 4. Be2 g6 5. d3 Bg7 6. c3 Nbc6 7. Be3 d6 8. Nbd2
O-O 9. O-O b5 10. a3 a5 11. Rb1 b4 12. axb4 axb4 13. c4 Ra2 14. b3 Nd4 15. Nxd4
Bxd4 16. Bxd4 cxd4 17. Nf3 Nc6 18. Ra1 Qa5 19. h4 h5 20. Qc1 e5 21. Rxa2 Qxa2
22. Bd1 Bg4 23. f5 Bxf3 24. Rxf3 Kg7 25. Rg3 Qa3 26. Qg5 Qa1 27. Qxh5 Rh8 28.
f6+ Kg8 29. Qg4 Nd8 30. h5 Rh6 31. hxg6 Rxg6 32. Qf3 Rxg3 33. Qxg3+ Kf8 34. Qg4
Ne6 35. Kh2 Qc1 36. Qh5 Qf4+ 37. Kg1 Qxf6 38. Qh3 Qg5 39. Kh1 Kg7 40. g3 Nc5
41. g4 Qh6 42. Qxh6+ Kxh6 43. Bc2 Kg5 44. Kg2 Kxg4 45. Kf2 Kf4 46. Ke2 Kg3 47.
Bd1 Ne6 48. Kd2 Kf2 49. Bh5 f6 50. Bg4 Ng7 51. Bh3 Nh5 52. Bg4 Ng3 53. Bh3 Nf1+
54. Kd1 Nh2 55. Bf5 Ke3 56. Kc2 Nf3 57. Bh3 Ne1+ 58. Kd1 Nxd3 59. Bf1 Nc5 0-1

[Event "Strmilov 2004"]
[Site "?"]
[Date "2004.05.08"]
[Round "8"]
[White "Piza, Vlastimil"]
[Black "Pekarovic, Jaroslav"]
[Result "1-0"]
[WhiteElo "2278"]
[BlackElo "1888"]
[PlyCount "57"]

1. e4 c5 2. Nf3 Nc6 3. d4 cxd4 4. Nxd4 g6 5. Nc3 Bg7 6. Be3 a6 7. Bc4 e6 8. O-O
Nge7 9. Qd2 O-O 10. Rad1 Qc7 11. Bb3 Na5 12. Bh6 Nec6 13. Bxg7 Kxg7 14. Nf3
Nxb3 15. axb3 f5 16. Rfe1 f4 17. e5 Kg8 18. Re4 Rf5 19. Rxf4 Nxe5 20. Rxf5 exf5
21. Qd5+ Nf7 22. Ng5 d6 23. Re1 Kf8 24. Nxf7 Qxf7 25. Qxd6+ Kg8 26. Re7 Qf8 27.
Qd5+ Kh8 28. Qe5+ Kg8 29. Nd5 1-0

[Event "Strmilov 2004"]
[Site "?"]
[Date "2004.05.08"]
[Round "8"]
[White "Prochazka, Pavel"]
[Black "Malirsky, Josef"]
[Result "1-0"]
[WhiteElo "1643"]
[BlackElo "1477"]
[PlyCount "71"]

1. e4 c5 2. Nf3 Nf6 3. Nc3 e6 4. d4 cxd4 5. Nxd4 Bb4 6. Bg5 Be7 7. Qd2 e5 8.
Nf5 O-O 9. Bd3 Nc6 10. Nxe7+ Nxe7 11. Bxf6 gxf6 12. Qh6 Kh8 13. Qxf6+ Kg8 14.
Qxe5 Ng6 15. Qg3 d6 16. f4 f5 17. O-O-O Qh4 18. Rdf1 fxe4 19. Qxh4 Nxh4 20.
Nxe4 d5 21. Nd6 Kh8 22. g3 Nf5 23. Nxc8 Raxc8 24. Bxf5 Rxf5 25. g4 Rf7 26. h4
Rfc7 27. Rh2 d4 28. f5 Kg7 29. Re1 Rd8 30. Rhe2 Rdd7 31. Kd2 b5 32. g5 b4 33.
h5 a5 34. Re6 a4 35. h6+ Kf7 36. g6+ 1-0

[Event "Strmilov 2004"]
[Site "?"]
[Date "2004.05.08"]
[Round "8"]
[White "Snorek, Milan"]
[Black "Hadrava, Jaroslav"]
[Result "1-0"]
[WhiteElo "2164"]
[BlackElo "1864"]
[PlyCount "99"]

1. d4 Nf6 2. Nf3 d6 3. Nc3 g6 4. e4 Bg7 5. Be2 O-O 6. O-O Bg4 7. Ng5 Bxe2 8.
Qxe2 h6 9. Nh3 e5 10. dxe5 dxe5 11. Qb5 Nc6 12. Rd1 Qc8 13. Be3 a6 14. Qc4 Rd8
15. f3 Rd6 16. Rxd6 cxd6 17. Rd1 Bf8 18. Qe2 Na5 19. Nf2 Nc4 20. Bc1 Na5 21.
Nd5 Nxd5 22. Rxd5 Qc7 23. Ng4 g5 24. Ne3 Nc6 25. Rd1 Qb6 26. c3 Ne7 27. Qd3 Rd8
28. Kh1 Qc7 29. Ng4 Bg7 30. Ne3 f6 31. g3 Qc6 32. Kg2 Kf7 33. b3 Rd7 34. Ba3
Nc8 35. Nf5 Bf8 36. h4 Kg6 37. c4 b6 38. Rh1 Rh7 39. h5+ Kf7 40. Rd1 Ke6 41. c5
bxc5 42. Qc4+ Kd7 43. Qg8 Qb5 44. Qxh7+ Kc6 45. Rf1 Qa5 46. Qf7 Qxa3 47. Qxf8
Qxa2+ 48. Rf2 Qxb3 49. Qxc8+ Kb5 50. Qb7+ 1-0

[Event "Strmilov 2004"]
[Site "?"]
[Date "2004.05.08"]
[Round "8"]
[White "Spal, Milan"]
[Black "Havluj, Zdenek"]
[Result "1-0"]
[WhiteElo "2233"]
[BlackElo "1958"]
[PlyCount "63"]

1. e4 d6 2. d4 Nf6 3. Nc3 g6 4. f4 Bg7 5. Nf3 c5 6. Bb5+ Bd7 7. e5 Ng4 8. Bxd7+
Qxd7 9. d5 dxe5 10. h3 e4 11. Nxe4 Nf6 12. Nxf6+ Bxf6 13. O-O Na6 14. Ne5 Qc7
15. c4 O-O 16. Ng4 Bd4+ 17. Kh1 f6 18. f5 g5 19. a4 Kg7 20. Nh2 Nb4 21. Nf3 Be5
22. h4 gxh4 23. Nxh4 Bg3 24. Qh5 Kg8 25. Ra3 Bxh4 26. Qxh4 Rf7 27. Bf4 Qc8 28.
Bh6 Nc2 29. Rg3+ Kh8 30. Qh5 Qe8 31. Rf4 Nd4 32. Rh4 1-0

[Event "Strmilov 2004"]
[Site "?"]
[Date "2004.05.08"]
[Round "8"]
[White "Steinhauser, Antonin"]
[Black "Cifka, Stanislav"]
[Result "0-1"]
[WhiteElo "1714"]
[BlackElo "2262"]
[PlyCount "91"]

1. e4 e6 2. d4 d5 3. Nc3 Bb4 4. e5 c5 5. a3 Bxc3+ 6. bxc3 Qa5 7. Bd2 Qa4 8. Nf3
b6 9. Bd3 Ba6 10. Bxa6 Qxa6 11. Qe2 Ne7 12. a4 O-O 13. Qb5 Rc8 14. Ra2 Qb7 15.
dxc5 Nd7 16. cxb6 a6 17. Qb2 Qxb6 18. O-O Qc7 19. Re1 Nb6 20. Bg5 Nc4 21. Qc1
Ng6 22. Bf4 Rab8 23. h4 h6 24. h5 Nxf4 25. Qxf4 Na5 26. Re3 Rb1+ 27. Kh2 Nc4
28. Rd3 Nb2 29. Rxb2 Rxb2 30. Nd4 Kh8 31. Rf3 Rbb8 32. Rg3 Qe7 33. Nf3 Rc4 34.
Nd4 Rxa4 35. Rg4 Ra1 36. Nb3 Re1 37. Qg3 Re4 38. f4 Qf8 39. c4 dxc4 40. Qf3
cxb3 41. Qxe4 Rb4 42. c4 b2 43. Qb1 Qc5 44. Rg3 Qxc4 45. Rd3 Qxd3 46. Qxd3 0-1

[Event "Strmilov 2004"]
[Site "?"]
[Date "2004.05.08"]
[Round "8"]
[White "Straka, Zdenek"]
[Black "Kellner, Petr"]
[Result "0-1"]
[WhiteElo "1913"]
[BlackElo "1972"]
[PlyCount "108"]

1. d4 Nf6 2. Nf3 e6 3. Bg5 Be7 4. Nbd2 O-O 5. e3 b6 6. Bd3 Bb7 7. c3 d5 8. Ne5
c5 9. f4 cxd4 10. exd4 Nc6 11. O-O Nd7 12. Bxe7 Qxe7 13. Qh5 g6 14. Qh6 Rfd8
15. Rf3 Qf8 16. Qg5 Qg7 17. Nxc6 Bxc6 18. Re1 b5 19. Rh3 Rab8 20. b4 Rdc8 21.
Bb1 Rc7 22. Ree3 Rbc8 23. Nb3 Ra8 24. Rh6 Nf6 25. Reh3 Nh5 26. R6xh5 gxh5 27.
Qxh5 Kf8 28. Qxh7 Qxh7 29. Rxh7 a5 30. Nc5 Rca7 31. Nd3 Kg8 32. Rh3 Be8 33. Kf2
Rc8 34. Nc5 axb4 35. cxb4 Rca8 36. Rc3 Ra3 37. Rc1 Rc8 38. g4 Ra4 39. Rd1 Rxb4
40. h4 Rb2+ 41. Kg3 Ra8 42. h5 b4 43. g5 Bb5 44. h6 Bc4 45. Rh1 Ra3+ 46. Kh4
Bxa2 47. h7+ Kh8 48. g6 Rxb1 49. Rxb1 Bxb1 50. gxf7 Ra8 51. Kg5 Kg7 52. Nxe6+
Kxf7 53. Nc7 Rd8 54. Nxd5 Rxd5+ 0-1

[Event "Strmilov 2004"]
[Site "?"]
[Date "2004.05.08"]
[Round "8"]
[White "Volf, Miloslav"]
[Black "Pahorecky ml., Jiri"]
[Result "1/2-1/2"]
[WhiteElo "1475"]
[BlackElo "1946"]
[PlyCount "128"]

1. d4 Nf6 2. c4 e6 3. Nc3 Bb4 4. Nf3 c5 5. Bg5 h6 6. Bh4 O-O 7. e3 b6 8. Bd3
Bb7 9. O-O d6 10. Nb5 g5 11. Nxg5 hxg5 12. Bxg5 Nbd7 13. Nxd6 Bc6 14. Ne4 cxd4
15. Qf3 Re8 16. Nxf6+ Nxf6 17. Qxc6 Be7 18. Bxf6 Bxf6 19. Qe4 Kf8 20. c5 bxc5
21. Bb5 Re7 22. Qf4 Rc7 23. exd4 Bxd4 24. Rad1 Rcc8 25. Bc4 Qf6 26. Qxf6 Bxf6
27. b3 Rd8 28. Be2 Ke7 29. Rc1 Rd2 30. Bf3 Rc8 31. a4 Rd3 32. b4 c4 33. Be2 Rd4
34. Rfd1 Rxd1+ 35. Bxd1 c3 36. Bc2 Rd8 37. Rd1 Rxd1+ 38. Bxd1 Kd6 39. g3 a6 40.
Kf1 Kd5 41. Bb3+ Kd4 42. Ke2 Be7 43. b5 axb5 44. axb5 Kc5 45. Kd3 Kxb5 46. f4
Bf6 47. g4 Kc6 48. g5 Bh8 49. h4 Kd6 50. Ke4 Ke7 51. h5 f6 52. g6 Bg7 53. f5 e5
54. Kd5 Bh6 55. Bc2 Bg7 56. Kc4 Bh6 57. Kxc3 Kf8 58. Kc4 Kg7 59. Kd5 Bf4 60.
Ke6 Bg5 61. Be4 Bh6 62. Bc6 Bg5 63. Kd5 Bh6 64. Be8 Kf8 1/2-1/2

[Event "Strmilov 2004"]
[Site "?"]
[Date "2004.05.09"]
[Round "9"]
[White "Bartos, Alois"]
[Black "Lauko, Marian"]
[Result "1-0"]
[WhiteElo "2015"]
[BlackElo "1886"]
[PlyCount "69"]

1. e4 d5 2. exd5 Nf6 3. c4 e6 4. dxe6 Bxe6 5. Nf3 Qe7 6. Qe2 Nc6 7. b3 Nb4 8.
d4 Nd3+ 9. Qxd3 Bxc4+ 10. Qe3 Be6 11. Ba3 Nd5 12. Bxe7 Nxe3 13. fxe3 Bxe7 14.
Bc4 Bb4+ 15. Ke2 Bf5 16. Ne5 f6 17. Nd3 Bd6 18. h3 Be4 19. Nd2 Bxg2 20. Rhg1
Bxh3 21. Rxg7 O-O-O 22. Ne4 f5 23. Nxd6+ Rxd6 24. Ne5 Rf6 25. Rh1 Rh6 26. Kd2
f4 27. Rxh3 fxe3+ 28. Rxe3 Rh2+ 29. Kc3 h5 30. Be6+ Kb8 31. Rh3 Rxa2 32. Rxh5
Re8 33. Re7 Rd8 34. Rhh7 Ra6 35. d5 1-0

[Event "Strmilov 2004"]
[Site "?"]
[Date "2004.05.09"]
[Round "9"]
[White "Beter, Arnost"]
[Black "Pekarovic, Jaroslav"]
[Result "1/2-1/2"]
[WhiteElo "1941"]
[BlackElo "1888"]
[PlyCount "96"]

1. e4 d6 2. d4 g6 3. Nc3 Bg7 4. f4 Nd7 5. Nf3 c5 6. e5 cxd4 7. Qxd4 dxe5 8.
fxe5 Nxe5 9. Qxd8+ Kxd8 10. Bf4 Nxf3+ 11. gxf3 Bxc3+ 12. bxc3 Be6 13. Bb5 a6
14. Be2 Nf6 15. Be5 Kc8 16. O-O-O Rd8 17. Bd4 Nd5 18. Bc4 Kc7 19. Bb3 Kc6 20.
Rhe1 b5 21. Re5 Rd6 22. c4 bxc4 23. Bxc4 f6 24. Bxd5+ Bxd5 25. Rxe7 Bxf3 26.
Rf1 Rxd4 27. Rxf3 Rh4 28. Rxf6+ Kb5 29. Rff7 Rxh2 30. Rxh7 Rg2 31. Rb7+ Ka5 32.
Rh3 Rg1+ 33. Kb2 Rg4 34. Ra3+ Ra4 35. Rxa4+ Kxa4 36. Rb6 Rg8 37. Rxa6+ Kb5 38.
Ra3 g5 39. Rg3 g4 40. Kb3 Kc5 41. Kc3 Rg5 42. Kd3 Rd5+ 43. Ke3 Rd4 44. Rg1 Ra4
45. c3 Rc4 46. Kd3 Rf4 47. Rg3 Ra4 48. Rg2 Rf4 1/2-1/2